000 00706nmc a2200277 a 4500
003 AR-BaBNM
005 20251128211315.0
008 173120s2002 ||||||||||||||000 | spa||
020 _a84-8441-174-5
040 _cAR-BaBNM
100 1 _aColfer, Eoin
245 1 0 _aArtemis Fowl
_bencuentro en el Artico
260 _aBarcelona
_bMontena
_c2002
300 _a319 p.
490 0 _aSerie infinita
650 4 _aLITERATURA IRLANDESA
650 4 _aLITERATURA CONTEMPORANEA
650 4 _aCIENCIA FICCION
653 _aLITERATURA JUVENIL
653 _aNARRATIVA
653 _aNOVELA DE AVENTURAS
655 _aLITERATURA
700 1 _aAlcaina, Ana
_etraductor
942 _cBK
998 _cmartin
999 _c19087
_d19087